| 000 | 01132nam a22002057a 4500 | ||
|---|---|---|---|
| 999 |
_c64026 _d64026 |
||
| 003 | Ge_BSU | ||
| 005 | 20260311175109.0 | ||
| 008 | 260311s1980 ge ||||| |||| 00| 0 geo d | ||
| 041 | _ageo | ||
| 080 | _a330.101.262(479.22) თ-42 | ||
| 100 |
_aთეთრაული, არჩილ _9798 |
||
| 245 |
_aსამუშაო ძალის კვლავწარმოებისა და შრომის ბალანსის საკითხები საქართველოს სს რესპუბლიკაში / _cარჩილ თეთრაული; საქ. სსრ მეცნ. აკად., ეკონომ. და სამართლის ინ-ტი. |
||
| 264 |
_aთბილისი : _bმეცნიერება, _c1980. |
||
| 300 |
_a90 გვ. ; _b21 სმ. |
||
| 520 | _aრეზ. რუს. | ||
| 653 | _aსამუშაო ძალის კვლავწარმოება | ||
| 653 | _aშრომის ბალანსი | ||
| 653 | _aსაქართველოს ეკონომიკა | ||
| 942 |
_2udc _cᲬᲘᲒᲜᲘ |
||